Most Populous Portland (ME) Metro Area Municipalities by Decade - Statistics

General Stats
  • This quiz has been taken 6 times
  • The average score is 9 of 23
Answer Stats
Hint Answer % Correct
1820 Portland
100%
1990 Biddeford
60%
1870 Brunswick
60%
1930 Cape Elizabeth
60%
1960 Saco
60%
Sanford
60%
South Portland
60%
1950 Westbrook
60%
1850 Bath
40%
1900 Gorham
40%
1940 Kittery
40%
Scarborough
40%
1860 Wells
40%
2010 Windham
40%
1910 Berwick
20%
1880 Buxton
20%
2000 Kennebunk
20%
1920 Kennebunkport
20%
1980 South Berwick
20%
1840 York
20%
1970 Bridgton
0%
1830 North Yarmouth
0%
1890 Shapleigh
0%
No matching quizzes found
Score Distribution
Percent of People with Each Score
Percentile by Number Answered
Your Score History
You have not taken this quiz